000 00376nam a2200145Ia 4500
008 150201s2002 xx 000 0 und d
082 _a612.015
_bP2002G
100 _aGUPTA,R.C.
245 _aPRACTICAL BIOCHEMISTRY
250 _a2ND
260 _bC.B.S PUBLISHERS & DISTRIBUTERS
_aDARYAGANJ (NEW DELHI)
_c2002
300 _a1-175
650 _aBIOCHEMISTRY
942 _2ddc
_cBK
999 _c2595
_d2595